مكتبة جامعة عجلون الوطنية

فهرس بحث المكتبة

Normal view MARC view
  • نقل التكنولوجيا - قوانيين وتشريعات - القانون التجاري - العقود التجارية - القانون الدولي التجاري

Entry Topical Term

Number of records used in: 1

001 - CONTROL NUMBER

  • control field: 46983

003 - CONTROL NUMBER IDENTIFIER

  • control field: JO-AjAnu

005 - DATE AND TIME OF LATEST TRANSACTION

  • control field: 20230606081748.0

008 - FIXED-LENGTH DATA ELEMENTS

  • fixed length control field: 230606|| aca||aabn | a|a d

040 ## - CATALOGING SOURCE

  • Original cataloging agency: JO-AjAnu
  • Transcribing agency: JO-AjAnu

150 ## - HEADING--TOPICAL TERM

  • Topical term or geographic name entry element: نقل التكنولوجيا - قوانيين وتشريعات - القانون التجاري - العقود التجارية - القانون الدولي التجاري

670 ## - SOURCE DATA FOUND

  • Source citation: Work cat.: (JO-AjAnu)24046: الكيلاني، محمود , author 46982, عقود التجارة الدولية في مجال نقل التكنولوجيا : دراسة تطبيقية